Verbreitung der polnischen Sprache - Statistiken

Allgemein
  • Dieses Quiz wurde 167 mal gespielt
    140 seit der letzten Aktualisierung
  • Das Durchschnittsergebnis liegt bei 10 aus 13
Antwortstatistiken
Platz Land Anteil Anzahl % Korrekt
1. Polen 98,2% 37.815.606
99%
2. Deutschland 1,4% 1.112.818
97%
9. Tschechien 0,5% 52.170
87%
4. Vereinigte Staaten 0,2% 576.816
86%
12. Ukraine 0,04% 19.195
83%
7. Litauen 5,3% 160.506
81%
5. Frankreich 0,4% 275.288
74%
11. Österreich 0,3% 30.598
72%
3. Vereinigtes Königreich 1% 660.138
72%
6. Kanada 0,5% 181.710
70%
13. Belgien 0,2% 16.298
46%
10. Australien 0,2% 51.399
44%
8. Irland 2,9% 135.895
41%
Keine übereinstimmenden Quizze gefunden
Verteilung der Resultate
Anzahl Personen mit jedem Resultat
Perzentil nach korrekt beantworteten Fragen
Ihre Resultats-Entwicklung
Sie haben dieses Quiz seit der letzten Aktualisierung nicht gespielt